| 000 | 00793pam a2200265 a 4500 | ||
|---|---|---|---|
| 001 | 16023 | ||
| 003 | BD-RjUL | ||
| 005 | 20211208235932.0 | ||
| 008 | 140211s2008 nyua b 001 0 eng | ||
| 020 | _a0471047872 | ||
| 020 | _a9788126518296 | ||
| 035 | _a(BD-RjUL)16078 | ||
| 040 |
_aDLC _cDLC _dBD-RjUL _beng |
||
| 041 | _aeng | ||
| 082 | 0 | 0 |
_a660.2842 _220 _bPRI 2008 |
| 245 | 0 | 0 |
_aPrinciples of unit operations / _cAlan S. Foust ... [et al.]. |
| 250 | _a2nd ed. | ||
| 260 |
_aNew York : _bWiley, _cc1980 [ Reprint 2008] |
||
| 300 |
_axiv, 768 p. : _bill. ; _c29 cm. |
||
| 504 | _aIncludes bibliographical references and indexes. | ||
| 650 | 0 |
_aChemical processes. _949379 |
|
| 700 | 1 |
_aFoust, Alan S. _q(Alan Shivers), _d1908- _949619 |
|
| 942 |
_2ddc _cBK |
||
| 999 |
_c16023 _d16023 |
||